Surgimiento de la industria cinematogrf̀ica y el papel del Estado en Mx̌ico (1895-1940)

Bibliographic Details
Main Author: Vidal Bonifaz, Rosario
Format: eBook
Language:Spanish
Published: Ciudad de Mx̌ico: Cm̀ara de Dipitados, 2010
Subjects:
Online Access:Acceso restringido

MARC

LEADER 00000nam a22000007a 4500
005 20171121155326.0
007 cr|||| ||||
008 171121s2010 mx |||||s|||| 00||0 spa d
020 |a 978-607-401-286-6 
035 |a 20809 
040 |a vLex 
090 |c 7202  |d 7202 
100 1 |a Vidal Bonifaz, Rosario 
245 1 0 |a Surgimiento de la industria cinematogrf̀ica y el papel del Estado en Mx̌ico (1895-1940)  |h [Recurso electrn̤ico] /  |c Rosario Vidal Bonifaz 
256 |a Servicio en ln̕ea 
260 |a Ciudad de Mx̌ico:  |b Cm̀ara de Dipitados,  |c 2010 
300 |a 1 recurso electrn̤ico (436p.) 
506 1 |a Disponible solo en los productos indicados  |d vLex Global  |d vLex Global (Academic Edition, excluding Law Schools)  |d vLex Global (U.S. Academic Edition, Law Schools)  |d vLex Global (U.S. Academic Edition, excluding Law Schools)  |d vLex Global (Academic Edition, Law Schools) 
650 0 4 |a Ciencias sociales  |z Mx̌ico 
740 |a vLex Libros (Servicio en ln̕ea) 
856 |u http://vlex.com/source/surgimiento-industria-cinematografica-papel-estado-mexico-1895-1940-20809  |z Acceso restringido 
942 |c BOOK 
999 0 |a Social Sciences